000 00558nam a22001937a 4500
003 NUST
005 20230126162007.0
008 190710b ||||| |||| 00| 0 eng d
020 _qHardcover.
038 _aMr. Zahoor
082 _a510
100 _aOzair, Muhammad
_917225
245 _aMathematical Analysis of Vector - Host Diseases Models
_cMuhammad Ozair
260 _aIslamabad :
_bSNS - NUST,
_c2015.
300 _a115 p. : ill. ;
_c30cm.
650 _aMathematics - PhD Thesis
_916989
700 _aProf M.A. Rashid
_917226
942 _2ddc
_cTHE
999 _c526261
_d526261